000 02500nam a2200349 4500
001 143
003 OSt
005 20250128102932.0
008 250128b |||||||g |||| 00| j eng d
040 _bpor
041 _heng
_apor
082 _a823
_bC555p
100 1 _aChristie, Agatha,
_d1890-1976
_9268
240 _aPoirot investigates
245 _aPoirot investiga /
_cChristie, Agatha ; Tradução de A. B. Pinheiro de Lemos
260 _aSão Paulo
_bCírculo do Livro
_c1987
300 _a236 p.
490 1 _aDetetive Hercule Poirot
520 _aPrimeiro, houve o mistério da estrela de cinema e do diamante... depois veio o "suicídio" que foi assassinato... o mistério do apartamento absurdamente barato... uma morte suspeita em uma sala de armas trancada... um roubo de títulos de um milhão de dólares... a maldição do túmulo de um faraó... um roubo de joias no mar... o sequestro de um primeiro-ministro... o desaparecimento de um banqueiro... um telefonema de um homem moribundo... e, finalmente, o mistério do testamento desaparecido. O que liga esses casos fascinantes? Apenas os brilhantes poderes dedutivos de Hercule Poirot! Os contos são: 1. A aventura de 'The Western Star', 2. A tragédia de Marsdon Manor, 3. A aventura do apartamento barato, 4. O mistério de Hunter's Lodge, 5. O roubo do título de um milhão de dólares, 6. A aventura do túmulo egípcio, 7. O roubo de joias no Grand Metropolitan, 8. O primeiro-ministro sequestrado, 9. O desaparecimento do Sr. Davenheim, 10. A aventura do nobre italiano e 11. O caso do testamento desaparecido. Nota do bibliotecário nº 1: além dos onze acima, havia mais três incluídos na versão americana do mesmo título um ano depois: 12. A caixa de chocolate, 13. A dama velada e 14. A mina perdida. Nota do bibliotecário nº 2: esta é a entrada para a coleção de contos, 'Poirot investiga'. As entradas para cada uma das histórias estão localizadas em outro lugar no Goodreads. Todos os 14 podem ser encontrados pesquisando no Goodreads por: 'a Hercule Poirot Short Story'.
650 0 _aLiteratura Inglesa
_989
650 0 _aHistorias curtas
_967
650 0 _aRomance Policial
_911
650 0 _aSuspense
_910
650 0 _aMistério
_942
650 0 _aCrime e Investigação
_913
650 0 _aClássicos
_977
650 0 _aFilme
_926
655 0 _aConto
_968
700 _aA. B. Pinheiro de Lemos
_eTradutor
_9109
830 _aDetetive Hercule Poirot
_9271
942 _2ddc
_n0
_cBK
999 _c143
_d143